Popular TV Shows by Poster III - Statistics

General Stats
  • This quiz has been taken 240 times
  • The average score is 10 of 16
Answer Stats
Picture Answer % Correct
Friends
99%
The Office
97%
South Park
96%
Lucifer
81%
Grey's Anatomy
78%
Peaky Blinders
76%
The Crown
71%
American Dad
68%
NCIS
49%
House of Cards
47%
The Punisher
47%
Sons of Anarchy
46%
Community
44%
The Twilight Zone
34%
Trailer Park Boys
25%
Weeds
24%
No matching quizzes found
Score Distribution
Percent of People with Each Score
Percentile by Number Answered
Your Score History
You have not taken this quiz